书目信息 |
| 题名: |
教育改革论
|
|
| 作者: | 袁振国 著 | |
| 分册: | ||
| 出版信息: | 南京 江苏教育出版社 1992.6 |
|
| 页数: | 294页 | |
| 开本: | 19cm | |
| 丛书名: | 当代教育新理论丛书 | |
| 单 册: | ||
| 中图分类: | G511 , G4 | |
| 科图分类: | ||
| 主题词: | 教育改革--研究 , 教育改革 , 教育 | |
| 电子资源: | ||
| ISBN: | 7-5343-1527-1 | |
| 000 | 00806oam2 2200277 450 | |
| 001 | 1555292947 | |
| 005 | 20151110120335.89 | |
| 010 | @a7-5343-1527-1@dCNY3.65 | |
| 100 | @a19930104d1992 em y0chiy0110 ea | |
| 101 | 0 | @achi |
| 102 | @aCN@b320000 | |
| 105 | @ay z 000yy | |
| 200 | 1 | @a教育改革论@9jiao yu gai ge lun@f袁振国著 |
| 210 | @a南京@c江苏教育出版社@d1992.6 | |
| 215 | @a294页@d19cm | |
| 225 | 2 | @a当代教育新理论丛书@f刘佛年主编 |
| 330 | @a本书论述了教育改革理论的发展、改革动因、成败、教育改革的目标论、模式论及改革的历史趋势。 | |
| 461 | 0 | @12001 @a当代教育新理论丛书 |
| 606 | 0 | @a教育改革@x研究 |
| 606 | 0 | @a教育改革 |
| 606 | 0 | @a教育 |
| 690 | @aG511@v三版 | |
| 690 | @aG4@v4 | |
| 701 | 0 | @a袁振国@9yuan zhen guo@4著 |
| 801 | 0 | @aCN@bTSSF@c20150204 |
| 905 | @aZUCC@dG4@eJY61 | |
| 教育改革论/袁振国著.-南京:江苏教育出版社,1992.6 |
| 294页;19cm.-(当代教育新理论丛书/刘佛年主编) |
| ISBN 7-5343-1527-1:CNY3.65 |
| 本书论述了教育改革理论的发展、改革动因、成败、教育改革的目标论、模式论及改革的历史趋势。 |
| ● |
| 相关链接 |
|
|
|
|
正题名:教育改革论
索取号:G4/JY61
 
预约/预借
| 序号 | 登录号 | 条形码 | 馆藏地/架位号 | 状态 | 备注 |
| 1 | 7860940 | 278609409 | 学院路分馆/ [索取号:G4/JY61] | 在馆 | |
| 2 | 7865297 | 278652977 | 学院路分馆/ [索取号:G4/JY61] | 在馆 | |
| 3 | 7865684 | 278656848 | 学院路分馆/ [索取号:G4/JY61] | 在馆 |